| 000 | 01882nam a2200421 a 4500 | ||
|---|---|---|---|
| 003 | BLK | ||
| 005 | 20240606091113.0 | ||
| 008 | 180409b bul|||||r ||||||| ||bul|| | ||
| 010 | _aKNG00115014000 | ||
| 020 | _a954-446-795-5 | ||
| 040 | _aBLK | ||
| 041 |
_aBUL _cBUL |
||
| 080 |
_aФотографска техника и процеси. Вж и 771 _b77.02 _x:681.3(035) _z77.02:681.3(035) |
||
| 080 |
_aАпаратура за снимки. Фотоапарати. Фотоувеличители _b771.3 _x:681.3(035) _z771.3:681.3(035) |
||
| 100 | 1 |
_aШепърд, Роб _9311635 |
|
| 245 | 1 | 0 |
_aЦифровите снимки _bПракт. ръководство _cРоб Шепърд; прев. от англ. Иван Динев Бакалов. |
| 257 | _aUSA | ||
| 260 |
_aСофия _bЕгмонт България _c2004 _fСофия : Лито Балкан |
||
| 300 |
_a160 с. _bсъс сн. _c22 см |
||
| 380 | _a7 | ||
| 490 | _aТайните на фотографията | ||
| 500 | _aБез сведение за ориг. загл. - Авт. не е отбелязан на кор. Изд. на National geographic. | ||
| 650 | 4 |
_aФотография _9175953 |
|
| 650 | 4 |
_aЦифрова обработка на изображения _9177336 |
|
| 650 | 4 |
_aЕИМ - приложение - във фотографията _9311636 |
|
| 653 | _aцифрови изображения | ||
| 653 | _aфотография | ||
| 653 | _aнаръчници | ||
| 653 | _aръководства | ||
| 700 | 1 |
_aБакалов, Иван Динев _eпрев. от англ. _9372455 |
|
| 852 | _aЦб 220874 | ||
| 856 | 4 | _qpdf | |
| 856 | 4 | _qpdf | |
| 942 |
_cKNG _n0 _01 |
||
| 944 |
_aCR _c16.09.2004 _k30542 _lРусанова Ирена |
||
| 944 |
_aED _c05.06.2024 _kир |
||
| 999 |
_c109695 _d109695 |
||